Catalog of Hymenoptera in America North of Mexico (Registro nro. 1551)

Detalles MARC
000 -CABECERA
Campo de control 00975nam a2200325 a 4500
005 - FECHA Y HORA DE LA ULTIMA TRANSACCION
Campo de control 20140228161801.0
008 - ELEMENTOS DE LONGITUD FIJA—INFORMACION GENERAL
Campo de control 140228b1979 wau||||| |||| 00| 0 eng d
041 ## - IDIOMA
Código de idioma para texto/pista de sonido o título separado Inglés
044 ## - PAÍS DE PUBLICACIÓN
País de publicación Estados Unidos
090 ## - CLASIFICACIÓN LOCAL
Colección LB
Consecutivo 01544
100 ## - ASIENTO PRINCIPAL--NOMBRE PERSONAL
Nombre personal Krombein, Karl V.
245 ## - MENCION DE TITULO
Título Catalog of Hymenoptera in America North of Mexico
260 ## - PUBLICACION, DISTRIBUCION, ETC. (PIE DE IMPRENTA)
Lugar de publicación, distribución, etc. Washington
Nombre del editor, distribuidor, etc. Smithsonian Institution Press
Fecha de publicación, distribución, etc. 1979
300 ## - DESCRIPCION FISICA
Extensión 3 vols.
650 ## - ASIENTO SECUNDARIO DE MATERIA - TERMINO TEMATICO
Término temático o nombre geográfico como elemento de entrada Instituto Smithsonian de Investigaciones Tropicales
650 ## - ASIENTO SECUNDARIO DE MATERIA - TERMINO TEMATICO
Término temático o nombre geográfico como elemento de entrada Hymenoptera
650 ## - ASIENTO SECUNDARIO DE MATERIA - TERMINO TEMATICO
Término temático o nombre geográfico como elemento de entrada Nomenclatura
650 ## - ASIENTO SECUNDARIO DE MATERIA - TERMINO TEMATICO
Término temático o nombre geográfico como elemento de entrada Taxonomía
650 ## - ASIENTO SECUNDARIO DE MATERIA - TERMINO TEMATICO
Término temático o nombre geográfico como elemento de entrada Hospederos
650 ## - ASIENTO SECUNDARIO DE MATERIA - TERMINO TEMATICO
Término temático o nombre geográfico como elemento de entrada Parásitos
650 ## - ASIENTO SECUNDARIO DE MATERIA - TERMINO TEMATICO
Término temático o nombre geográfico como elemento de entrada Presas
650 ## - ASIENTO SECUNDARIO DE MATERIA - TERMINO TEMATICO
Término temático o nombre geográfico como elemento de entrada Polinización
650 ## - ASIENTO SECUNDARIO DE MATERIA - TERMINO TEMATICO
Término temático o nombre geográfico como elemento de entrada Depredadores
650 ## - ASIENTO SECUNDARIO DE MATERIA - TERMINO TEMATICO
Término temático o nombre geográfico como elemento de entrada Descripciones taxonómicas
662 ## - ASIENTO SECUNDARIO DE MATERIA - JERARQUIA DEL NOMBRE DE LUGAR(
País o entidad mayor México
Jurisdicción política intermedia América del Norte
700 ## - ASIENTO SECUNDARIO - NOMBRE PERSONAL
Nombre personal Hurd , Paul D.
700 ## - ASIENTO SECUNDARIO - NOMBRE PERSONAL
Nombre personal Smith, David R.
700 ## - ASIENTO SECUNDARIO - NOMBRE PERSONAL
Nombre personal Burks, B. D.
942 ## - ELEMENTOS ADICIONALES (KOHA)
Tipo de ítem Impreso
Sistema de clasificación Local
Existencias
Withdrawn status Lost status Sistema de Clasificación Damaged status No para préstamo Colección Inventariado Ubicación Permanente Ubicación actual Fecha de adquisición Fuente de Valor Total Checkouts Número topográfico Inventario / Código de Barras Date last seen Ejemplar Price effective from Forma de adquisición Tipo de material
    Local     Entomología Inventariado 2017 Villa de Leyva Villa de Leyva 05/04/2000 Amazon   LB-01544 002136 04/12/2012 V.2 Ej.1 04/12/2012   Libro
    Local     Entomología Inventariado 2017 Villa de Leyva Villa de Leyva 05/04/2000 Amazon   LB-01544 002137 04/12/2012 V.3 Ej.1 04/12/2012   Libro
    Local     Entomología Inventariado 2017 Villa de Leyva Villa de Leyva 05/04/2000 Amazon   LB-01544 025202 04/12/2012 V.1 Ej.1 04/12/2012   Libro